English Grammar
Enregistré dans:
| Auteur principal: | |
|---|---|
| Format: | Livre |
| Langue: | English |
| Publié: |
HANOI
2009
|
| Sujets: | |
| Tags: |
Ajouter un tag
Pas de tags, Soyez le premier à ajouter un tag!
|
| Thư viện lưu trữ: | Mạng thư viện Đại học Đà Nẵng |
|---|
| LEADER | 00600nam a22002291a 4500 | ||
|---|---|---|---|
| 001 | 000033994 | ||
| 003 | 10186 | ||
| 005 | 20151027131600.0 | ||
| 008 | 151027s2009 000 eng | ||
| 041 | |a eng | ||
| 082 | |a 420.4 |b HA-S | ||
| 100 | |a Hagen, Stacy | ||
| 245 | |a English Grammar |c Stacy Hagen | ||
| 260 | |a HANOI |c 2009 | ||
| 300 | |a 148p. : ill ; 30cm | ||
| 650 | |a English Grammar, Bài tập ngữ pháp tiếng anh trung cấp | ||
| OWN | |a LNN | ||
| 999 | |a From the UDN01 | ||
| TYP | |a Monograph | ||
| 980 | |a Mạng thư viện Đại học Đà Nẵng | ||